[Event "Miercurea Ciuc Banc Post op 11th"]
[Site "Miercurea Ciuc"]
[Date "2008.08.22"]
[Round "7"]
[White "Kelemen Feher, Balint"]
[Black "Matei, Alexandru Cristian"]
[Result "0-1"]
[WhiteElo "2095"]
[BlackElo "1797"]
[PlyCount "103"]
[EventDate "2008.08.18"]
[EventType "swiss"]
[EventRounds "9"]
[EventCountry "ROU"]
[SourceTitle "CBM 125 Extra"]
[Source "ChessBase"]
[SourceDate "2008.09.01"]
[SourceVersion "1"]
[SourceVersionDate "2008.09.01"]
[SourceQuality "1"]

1. e4 d5 2. exd5 Qxd5 3. Nc3 Qa5 4. d4 c6 5. Nf3 Nf6 6. Bd3 Bg4 7. 0-0 e6 8. h3 Bh5 9. Bf4 Be7 10. Ne4 Nxe4 11. Bxe4 0-0 12. Re1 Qd8 13. c3 Nd7 14. g4 Bg6 15. Bxg6 hxg6 16. Bg3 Rc8 17. Qb3 Qb6 18. Qc2 Rfd8 19. Rad1 Nf8 20. Ne5 Bf6 21. Nc4 Qa6 22. Nd6 Ra8 23. b3 Be7 24. Ne4 Nd7 25. Rd3 Nf6 26. Nxf6+ Bxf6 27. h4 Be7 28. g5 Bd6 29. Bxd6 Rxd6 30. h5 gxh5 31. g6 fxg6 32. Rg3 e5 33. Rxe5 c5 34. dxc5 Rf6 35. Reg5 Kf7 36. c4 Re8 37. Qd2 Ree6 38. a4 Qc6 39. Rd5 Kg8 40. Qd1 Kh7 41. b4 Qe8 42. Kf1 Qf7 43. Qc2 Qe7 44. Qd2 Re4 45. Rd4 Re5 46. Rd7 Qe6 47. Rd5 Re4 48. Qd3 Rff4 49. Rd6 Qf5 50. Rg2 Rh4 51. Qg3 Reg4 52. Rd5 0-1

[Event "Miercurea Ciuc Banc Post op 11th"]
[Site "Miercurea Ciuc"]
[Date "2008.08.19"]
[Round "2"]
[White "Chibelean, Diana Valentina"]
[Black "Matei, Alexandru Cristian"]
[Result "1/2-1/2"]
[WhiteElo "1733"]
[BlackElo "1797"]
[PlyCount "99"]
[EventDate "2008.08.18"]
[EventType "swiss"]
[EventRounds "9"]
[EventCountry "ROU"]
[SourceTitle "CBM 125 Extra"]
[Source "ChessBase"]
[SourceDate "2008.09.01"]
[SourceVersion "1"]
[SourceVersionDate "2008.09.01"]
[SourceQuality "1"]

1. d4 f5 2. c4 Nf6 3. Nc3 e6 4. Nf3 Be7 5. e3 0-0 6. Be2 b6 7. d5 exd5 8. Nxd5 Bb7 9. Nxe7+ Qxe7 10. 0-0 d5 11. b3 Rd8 12. Qc2 g6 13. Bb2 c5 14. Rad1 Nc6 15. cxd5 Nb4 16. Qc3 Kg7 17. d6 Rxd6 18. Rxd6 Qxd6 19. Rd1 Nbd5 20. Bc4 Rf8 21. h3 a6 22. Qd3 Rd8 23. e4 fxe4 24. Qxe4 b5 25. Ng5 bxc4 26. bxc4 Kg8 27. Bxf6 Qxf6 28. Qe6+ Qxe6 29. Nxe6 Rd6 30. Nxc5 Ba8 31. a4 a5 32. cxd5 Rxd5 33. Rxd5 Bxd5 34. Kf1 Kf7 35. g3 Ke7 36. Ke2 Kd6 37. Nd3 Bb3 38. Nb2 Kc5 39. Kd3 Kb4 40. f4 h5 41. Kd4 Be6 42. Nd3+ Ka3 43. h4 Bd7 44. Ne5 Bf5 45. Kc3 Kxa4 46. Nc4 Kb5 47. Nd6+ Kc5 48. Nb7+ Kb5 49. Nd6+ Kc5 50. Nb7+ 1/2-1/2

[Event "Miercurea Ciuc Banc Post op 11th"]
[Site "Miercurea Ciuc"]
[Date "2008.08.19"]
[Round "3"]
[White "Matei, Alexandru Cristian"]
[Black "Szakats, Stefan"]
[Result "1/2-1/2"]
[WhiteElo "1797"]
[BlackElo "1866"]
[PlyCount "119"]
[EventDate "2008.08.18"]
[EventType "swiss"]
[EventRounds "9"]
[EventCountry "ROU"]
[SourceTitle "CBM 125 Extra"]
[Source "ChessBase"]
[SourceDate "2008.09.01"]
[SourceVersion "1"]
[SourceVersionDate "2008.09.01"]
[SourceQuality "1"]

1. b4 c6 2. Nf3 e6 3. Bb2 Nf6 4. a3 a5 5. c3 d5 6. e3 Bd6 7. d4 Ne4 8. Bd3 f5 9. 0-0 0-0 10. Ne5 Bxe5 11. dxe5 Nd7 12. c4 axb4 13. axb4 Rxa1 14. Bxa1 Qc7 15. Qf3 dxc4 16. Bxc4 Nb6 17. Bd3 Ng5 18. Qg3 Nf7 19. Na3 Qe7 20. Nc2 Nd5 21. Rb1 Bd7 22. Bc4 Qg5 23. Bxd5 cxd5 24. f4 Qxg3 25. hxg3 Rc8 26. Nd4 Nh6 27. Bb2 Ng4 28. Rc1 Nxe3 29. Rxc8+ Bxc8 30. Bc1 Nc4 31. Kf2 Kf7 32. Kf3 Bd7 33. g4 fxg4+ 34. Kxg4 Ba4 35. Kf3 h5 36. g3 Bd1+ 37. Kf2 Ba4 38. Kf3 Bd1+ 39. Kf2 Bg4 40. Nb5 Ke7 41. Nd4 Kd7 42. Nb5 Kc6 43. Nd4+ Kb6 44. Kg2 Kc7 45. Nb5+ Kd7 46. Nd4 Ke7 47. Kf2 Bd1 48. Ke1 Ba4 49. Kf2 Be8 50. Kf3 Bg6 51. Kf2 Be4 52. Kg1 g5 53. Kf2 g4 54. Nb5 Bc2 55. Nd4 Ba4 56. Kg2 Bd7 57. Kf2 Nb6 58. Bb2 Nc4 59. Bc1 Be8 60. Kg2 1/2-1/2